000 00614nam a22001937a 4500
005 20251108172459.0
008 250721s9999 xx 000 0 ara d
082 1 4 _a632.4عبد
100 1 _aعبدالحميد، زيدان هندي
245 1 0 _aمبيدات الفطرية و مكافحة الأمراض النباتية /
264 1 _aالقاهرة :
_bكانزا جروب للنشر،
300 _a413ص
650 1 7 _aأمراض النبات
650 1 7 _aالنباتات
650 1 7 _aالأمراض الفطرية
650 1 7 _aمبيدات الفطور
942 _2ddc
_cBK
999 _c80445
_d80445